Sports Quiz

Random Sports Quiz
Score 0/20 Timer 04:00
0 Plays Today
Caps Player % Correct
96Robbie Keane
99.2%
67Roy Keane
98.7%
102Shay Given
91.8%
91Niall Quinn
74.8%
102Steve Staunton
74.7%
102Kevin Kilbane
72.1%
80Damien Duff
72%
80Packie Bonner
71.7%
83Paul McGrath
66.8%
72Liam Brady
58.9%
Caps Player % Correct
88Tony Cascarino
56.9%
73Ray Houghton
56.2%
69John Aldridge
53.6%
64Ian Harte
44.9%
71Frank Stapleton
41.5%
70Andy Townsend
40.9%
68David O'Leary
36.5%
72Kenny Cunningham
35.2%
71Kevin Moran
28.6%
63Gary Breen
28.1%
Remove Ads.
Support Sporcle.
Get the best of Sporcle when you Go Orange. This ad-free experience offers more features, more stats, and more fun while also helping to support Sporcle. Thank you for becoming a member.

You're not logged in!

Compare scores with friends on all Sporcle quizzes.
OR
Log In

Show Comments

Extras

Top Quizzes Today


Score Distribution

Your Account Isn't Verified!

In order to create a playlist on Sporcle, you need to verify the email address you used during registration. Go to your Sporcle Settings to finish the process.

Report this User

Report this user for behavior that violates our Community Guidelines.

Details: